000 00680nam a22002057a 4500
999 _c1195
_d1195
003 AR-CdUCM
008 190226b ||||| |||| 00| 0 spa d
040 _aMUNICIPALIDAD PROVINCIAL DEL CUSCO
_cBIBLIOTECA MUNICIPAL DEL CUSCO
082 _a869.44 /
_bC12
100 _aCaballero Molia, Fausto
_94670
245 _aAutopista :
_bcuentos /
260 _aLa Paz-Bolivia :
_bEdiciones Gistelgy,
_c1983.
300 _a131 páginas ;
_c18 cm.
500 _aPrimer premio en el XV concurso anual de literatura Franz Tamayo, género cuento 1981.
650 _aLiteratura boliviana
_94271
650 _aCuento
_94671
650 _aNarrativa
_967
942 _2ddc
_cLIBROS
945 _azta